Guess the Artist By Picture - Statistics

General Stats
  • This quiz has been taken 88 times
  • The average score is 38 of 64
Answer Stats
Picture Answer % Correct
Taylor Swift
100%
Ariana Grande
99%
Drake
99%
Ed Sheeran
95%
Michael Jackson
95%
Bruno Mars
94%
Snoop Dogg
94%
Eminem
92%
Justin Bieber
92%
Billie Eilish
91%
The Weeknd
91%
Kanye West
90%
Rihanna
90%
2Pac
89%
Adele
86%
Beyonce
86%
Katy Perry
85%
Lady Gaga
84%
Post Malone
81%
Elvis Presley
77%
Sabrina Carpenter
76%
Travis Scott
75%
Jay Z
73%
Mariah Carey
73%
Prince
72%
Cardi B
71%
Ice Cube
71%
Olivia Rodrigo
70%
Bob Marley
68%
Justin Timberlake
68%
Shakira
67%
Kendrick Lamar
66%
Dolly Parton
65%
Bad Bunny
63%
Pharrell Williams
63%
DJ Khaled
62%
Maroon 5
61%
Tyler, the Creator
59%
Lil Wayne
54%
Tate McRae
53%
Whitney Houston
52%
DaBaby
44%
J. Cole
44%
SZA
44%
Lil Uzi Vert
41%
21 Savage
37%
Future
34%
Lil Baby
33%
Migos
29%
Stevie Wonder
25%
Johnny Cash
24%
Kid Rock
24%
GloRilla
23%
Lil Tecca
22%
Morgan Wallen
22%
Andre 3000
20%
Lil Yachty
20%
Lil Durk
18%
Playboi Carti
18%
Zach Bryan
18%
Gunna
16%
Young Thug
16%
George Strait
14%
Pink Floyd
14%
No matching quizzes found
Score Distribution
Percent of People with Each Score
Percentile by Number Answered
Your Score History
You have not taken this quiz